000 00899nam a22002897a 4500
001 BR7701802
003 BR-BrBNA
005 20230928085235.0
007 ta
008 230509b bl.||||| |||| 00| 0 por d
040 _aBR-BrBNA
_bpor
_cBiblioteca Nacional de Agricultura
041 _a(Por)
072 _aF00
_b0336
_b3575
_b/G514
090 _ 0336 BR7701802
110 1 _aEmpresa de Assistencia Tecnica e Extensao Rural do Estado do Maranhao, Sao Luis (Brasil)
_94038
245 1 _aRelatorio sobre instalacao dos ensaios demonstrativos para a cultura da soja, no Estado do Maranhao [Glycine max, variedade, Brasil]
260 3 _aSao Luis, MA (Brasil):
_c1977.
300 _a13 p.
500 _a10 tables
650 _aSOJA
650 _aVARIEDADE
650 _aSEMENTE
650 _aPODER GERMINATIVO
650 _aMARANHAO
909 _a202309
_bLucia
_c55
_dLucia Elande
942 _cBK
999 _c23443
_d23443